Normal view
MARC view
- داوود،نعيم نمر
Entry Personal Name
001 - CONTROL NUMBER
- control field: 63961
003 - CONTROL NUMBER IDENTIFIER
- control field: JO-AjAnu
005 - DATE AND TIME OF LATEST TRANSACTION
- control field: 20230606084434.0
008 - FIXED-LENGTH DATA ELEMENTS
- fixed length control field: 230606|| aca||aabn | a|a d
040 ## - CATALOGING SOURCE
- Original cataloging agency: JO-AjAnu
- Transcribing agency: JO-AjAnu
100 ## - HEADING--PERSONAL NAME
- Personal name: داوود،نعيم نمر
670 ## - SOURCE DATA FOUND
- Source citation: Work cat.: (JO-AjAnu)32607: داوود،نعيم نمر , author, التحليل المالي بإستخدام برنامج EXCEL